000 00258 a2200121 4500
001 70891
082 _a620.103 BED
090 _c38737
_d38737
100 _aBedford,Anthony
245 _aStatics
260 _aUSA
_bAddison Wesley
_c1994
300 _a608.p
942 _acaenust
_k620.103 BED
999 _c305964
_d305964